San Pedro Nolasco : (Record n. 2993)

Dettagli MARC
000 -LEADER
fixed length control field 00659nam a2200205 i 4500
003 - CONTROL NUMBER IDENTIFIER
control field IT-RoINE
005 - DATE AND TIME OF LATEST TRANSACTION
control field 20191203083354.0
008 - FIXED-LENGTH DATA ELEMENTS--GENERAL INFORMATION
fixed length control field 140410s1985 it |||||r|||| 00| 0bspa d
040 ## - CATALOGING SOURCE
Original cataloging agency IT-RoINE
100 1# - MAIN ENTRY--PERSONAL NAME
9 (RLIN) 3574
Personal name Pikaza, Xabier,
Dates associated with a name 1941-
245 10 - TITLE STATEMENT
Title San Pedro Nolasco :
Remainder of title vida y carisma /
Statement of responsibility, etc Xabier Pikaza, O. de M.
260 ## - PUBLICATION, DISTRIBUTION, ETC. (IMPRINT)
Place of publication, distribution, etc Roma :
Name of publisher, distributor, etc Curia general,
Date of publication, distribution, etc 1985.
300 ## - PHYSICAL DESCRIPTION
Extent 71 p., [6] h. de lám. ;
Dimensions 21 cm.
336 ## - CONTENT TYPE
Source rdacontent
Content type term text
337 ## - MEDIA TYPE
Source rdamedia
Media type term unmediated
338 ## - CARRIER TYPE
Source rdacarrier
Carrier type term volume
504 ## - BIBLIOGRAPHY, ETC. NOTE
Bibliography, etc Incluye referencias bibliográficas en notas.
600 #4 - SUBJECT ADDED ENTRY--PERSONAL NAME
9 (RLIN) 5842
Personal name Pedro Nolasco,
Titles and other words associated with a name Santo,
Dates associated with a name ca. 1180-1249
General subdivision Biografía
942 ## - ADDED ENTRY ELEMENTS (KOHA)
Item type Monografías
Dati di copia
Withdrawn status Lost status Damaged status Not for loan Home library Current library Date acquired Total Checkouts Full call number Barcode Date last seen Price effective from Koha item type
        Iglesia Nacional Española en Roma Iglesia Nacional Española en Roma 10/04/2014   BIO 1060 3440 10/04/2014 10/04/2014 Monografías